000 00384nab a22001097u 4500
008 130520b2007 xxu||||| |||| 00| 0 eng d
041 _aeng
100 1 _aLukasiewicz, Dariusz
_949075
245 0 0 _aLogical and Metaphysical Assumptions of Bernard Bolzano's Theodicy
_cDariusz Lukasiewicz
773 0 _tForum Philosophicum
_gV.12, nº12,2007,págs. 33-56
_x1426-1898
_wRev211
942 _cAR
999 _c301663
_d301663